000 00226nam a22000857a 4500
008 160708b xxu||||| |||| 00| 0 eng d
100 _92447
_aAneja O.P
245 _aHow to play Cricket
260 _aNew Delhi
_bPrerna Publication
_c2012
999 _c2118
_d2118